000 00315nam a2200133Ia 4500
008 191201s2012 xx 000 0 und d
100 _aHAYKIN,Siman
245 0 _aDigital Communications
250 _aRep
260 _c2012
_bWiley Dreautech India
_aN. delhi
300 _a597
650 _aECE
942 _2ddc
_cBB
_04
999 _c7559
_d7559